[Event "12. Open de la Constitución"]
[Site "S. Sebastian de los Reyes ESP"]
[Date "2010.12.05"]
[Round "6.7"]
[White "De La Orden Alcocer, Alejandro"]
[Black "Esquivias Gomez, Fco. Javier"]
[Result "0-1"]
[WhiteElo "1812"]
[BlackElo "2015"]
[PlyCount "64"]
[EventDate "2010.11.30"]
[EventType "swiss"]
[EventRounds "9"]
[EventCountry "ESP"]
[Source "lmi"]
[SourceDate "2010.11.30"]

1. c4 e5 2. g3 Nc6 3. Bg2 f5 4. d3 Nf6 5. a3 a5 6. Nc3 Bc5 7. Nf3 O-O 8. O-O d6
9. Rb1 Qe8 10. Nd5 Nxd5 11. cxd5 Nd4 12. Nxd4 Bxd4 13. Qc2 Qe7 14. e3 Bb6 15.
Bd2 g5 16. Rfe1 Bd7 17. b4 a4 18. Kh1 Rae8 19. f4 e4 20. dxe4 fxe4 21. b5 Bf5
22. Qxa4 gxf4 23. gxf4 Rf6 24. Re2 Bg4 25. Rf2 Kf7 26. Qc4 Rh6 27. Qf1 Rg8 28.
Rb4 Bf5 29. Rb3 Qh4 30. h3 Rg3 31. Be1 Bxh3 32. Kg1 Bxg2 0-1

[Event "12. Open de la Constitución"]
[Site "S. Sebastian de los Reyes ESP"]
[Date "2010.12.05"]
[Round "6.8"]
[White "Ortega Ruiz, Jose Miguel"]
[Black "Camarero Izquierdo, Juan Carlos"]
[Result "1-0"]
[WhiteElo "2260"]
[BlackElo "1876"]
[PlyCount "83"]
[EventDate "2010.11.30"]
[EventType "swiss"]
[EventRounds "9"]
[EventCountry "ESP"]
[Source "lmi"]
[SourceDate "2010.11.30"]

1. e4 c5 2. Nf3 d6 3. d4 cxd4 4. Nxd4 Nf6 5. Nc3 g6 6. Be2 Bg7 7. O-O O-O 8.
Kh1 Nc6 9. Nb3 a5 10. a4 Nb4 11. f4 Bd7 12. Bf3 h5 13. h3 Qc8 14. Kh2 Qc7 15.
Be3 Rac8 16. Rf2 Ne8 17. Nd4 e5 18. Ndb5 Bxb5 19. Nxb5 Qe7 20. c3 Na6 21. f5
Nac7 22. Be2 Nxb5 23. axb5 Nf6 24. Qd3 d5 25. exd5 e4 26. Qd2 Qe5+ 27. Kg1 gxf5
28. c4 Ra8 29. Raf1 Nd7 30. b3 a4 31. bxa4 Rxa4 32. Rxf5 Qe7 33. d6 Qe6 34. c5
Ra2 35. Qd1 Ne5 36. Rxh5 Rfa8 37. Bd4 Ng6 38. Bxg7 Kxg7 39. Qd4+ Kg8 40. Bc4
R8a4 41. Bxe6 Rxd4 42. Bxf7+ 1-0

[Event "12. Open de la Constitución"]
[Site "S. Sebastian de los Reyes ESP"]
[Date "2010.12.05"]
[Round "6.9"]
[White "Corisco Beltran, Rafael"]
[Black "Quevedo Marin, Manuel"]
[Result "0-1"]
[WhiteElo "1865"]
[BlackElo "2183"]
[PlyCount "72"]
[EventDate "2010.11.30"]
[EventType "swiss"]
[EventRounds "9"]
[EventCountry "ESP"]
[Source "lmi"]
[SourceDate "2010.11.30"]

1. e4 c5 2. Nf3 e6 3. d4 cxd4 4. Nxd4 Nf6 5. Nc3 d6 6. Be3 a6 7. f3 h5 8. a4
Nc6 9. Qd2 Bd7 10. Be2 Qc7 11. O-O Be7 12. Kh1 Ne5 13. f4 Nc4 14. Bxc4 Qxc4 15.
e5 Ng4 16. exd6 Nxe3 17. Qxe3 Bf6 18. Rad1 Rc8 19. Rf3 Qb4 20. Nd5 Bxd4 21.
Rxd4 Qxb2 22. Nc7+ Kd8 23. Qd2 Qa1+ 24. Qd1 Qxd1+ 25. Rxd1 Bxa4 26. Rc1 Bc6 27.
Rd3 h4 28. Kg1 Rh5 29. c4 Rf5 30. Rd4 Kd7 31. c5 g5 32. fxg5 Rxg5 33. Rf4 Rxg2+
34. Kf1 Rf8 35. Re1 h3 36. Nxe6 Bb5+ 0-1

[Event "12. Open de la Constitución"]
[Site "S. Sebastian de los Reyes ESP"]
[Date "2010.12.05"]
[Round "6.10"]
[White "Rodrigo Yanguas, Maria"]
[Black "Galan Aguado, Fernando"]
[Result "1/2-1/2"]
[WhiteElo "2070"]
[BlackElo "1820"]
[PlyCount "82"]
[EventDate "2010.11.30"]
[EventType "swiss"]
[EventRounds "9"]
[EventCountry "ESP"]
[Source "lmi"]
[SourceDate "2010.11.30"]

1. e4 e6 2. d4 d5 3. Nd2 dxe4 4. Nxe4 Bd7 5. Bd3 Bc6 6. Nf3 Nd7 7. O-O Ngf6 8.
Ng3 Be7 9. Bf4 O-O 10. Qe2 Bxf3 11. Qxf3 c6 12. Rfe1 Qb6 13. c3 Nd5 14. Bd2
Qxb2 15. Red1 Qb6 16. c4 N5f6 17. Bf4 Qd8 18. Rab1 Qc8 19. h4 Re8 20. h5 Bf8
21. Re1 b6 22. Ne4 c5 23. dxc5 Nxc5 24. Nxf6+ gxf6 25. Bc2 e5 26. Be3 Qe6 27.
Bf5 Qxc4 28. Qg3+ Kh8 29. Rbc1 Qb4 30. h6 Ne6 31. Red1 Nf4 32. Qg4 Bxh6 33. a3
Qf8 34. g3 Ng6 35. Rc7 Bxe3 36. fxe3 Re7 37. Rc6 Qg7 38. Rdd6 Nf8 39. Qf3 Rae8
40. Rxf6 Kg8 41. Be4 Ne6 1/2-1/2

[Event "12. Open de la Constitución"]
[Site "S. Sebastian de los Reyes ESP"]
[Date "2010.12.05"]
[Round "6.11"]
[White "Sebastian Enesco, Alex"]
[Black "Aziz Ortego, Omar Luis"]
[Result "0-1"]
[WhiteElo "1814"]
[BlackElo "2056"]
[PlyCount "162"]
[EventDate "2010.11.30"]
[EventType "swiss"]
[EventRounds "9"]
[EventCountry "ESP"]
[Source "lmi"]
[SourceDate "2010.11.30"]

1. e4 e5 2. Nf3 Nc6 3. Bb5 a6 4. Bxc6 dxc6 5. h3 f6 6. d4 exd4 7. Qxd4 Be6 8.
O-O Qxd4 9. Nxd4 Bf7 10. Re1 O-O-O 11. c3 Ne7 12. Bf4 Ng6 13. Bg3 Bc5 14. Nf5
Rhg8 15. a4 Ne7 16. Nxe7+ Bxe7 17. e5 Bb3 18. a5 f5 19. Bf4 g5 20. Bc1 g4 21.
hxg4 Rxg4 22. Nd2 Bd5 23. f3 Rh4 24. Nf1 Rg8 25. Kf2 f4 26. b4 Bc4 27. Nd2 Bd3
28. Ne4 c5 29. Nxc5 Bf5 30. Bd2 Rh2 31. Bxf4 Rgxg2+ 32. Ke3 Rh3 33. Rg1 Bxc5+
34. bxc5 Rg6 35. Rxg6 hxg6 36. Kf2 Kd7 37. Kg2 Rh4 38. Be3 Rc4 39. Bd4 Kc6 40.
Re1 Be6 41. Kg3 Ra4 42. Kf4 Rxa5 43. Kg5 Bf5 44. e6 Ra2 45. e7 Rg2+ 46. Kf6 Bd7
47. e8=Q Bxe8 48. Rxe8 g5 49. Re1 Rg3 50. Rf1 a5 51. Kf5 b5 52. cxb6 cxb6 53.
Ke4 b5 54. Rh1 b4 55. c4 g4 56. Rh6+ Kb7 57. f4 Rb3 58. Kd5 Rf3 59. Rh7+ Kc8
60. Kc6 Kd8 61. Bc5 Ke8 62. Bd6 b3 63. Be5 Rd3 64. f5 Rf3 65. f6 Rh3 66. Rb7
Rd3 67. f7+ Kf8 68. Rb8+ Kxf7 69. Ra8 g3 70. Rxa5 g2 71. Ra1 Ke6 72. Bb2 Rd2
73. Re1+ Kf5 74. Ba3 Ra2 75. Bc5 b2 76. Rb1 Ke4 77. Bg1 Kd3 78. c5 Kc2 79.
Rxb2+ Rxb2 80. Kd7 Rb1 81. Bd4 Kd3 0-1

[Event "12. Open de la Constitución"]
[Site "S. Sebastian de los Reyes ESP"]
[Date "2010.12.05"]
[Round "6.12"]
[White "Martin Garcia, Francisco Javier"]
[Black "Muñoz Sanchez, Daniel"]
[Result "0-1"]
[WhiteElo "1651"]
[BlackElo "1976"]
[PlyCount "76"]
[EventDate "2010.11.30"]
[EventType "swiss"]
[EventRounds "9"]
[EventCountry "ESP"]
[Source "lmi"]
[SourceDate "2010.11.30"]

1. d4 Nf6 2. c4 e6 3. Nf3 Bb4+ 4. Bd2 Qe7 5. a3 Bxd2+ 6. Nbxd2 d6 7. e4 e5 8.
d5 O-O 9. h3 Nh5 10. g3 f5 11. exf5 e4 12. Nd4 e3 13. N2f3 exf2+ 14. Kxf2 c5
15. Ne6 Bxe6 16. fxe6 Na6 17. Kg2 Qf6 18. Be2 Qxb2 19. Rb1 Qxa3 20. Rxb7 Nb4
21. Rf7 Qc3 22. Kh2 Nc2 23. Qd3 Qxd3 24. Bxd3 Nb4 25. Be2 Nf6 26. Rxf8+ Kxf8
27. Rf1 a5 28. Ng5 h6 29. Nf7 Ke7 30. Bf3 a4 31. Ne5 a3 32. Ng6+ Ke8 33. Bh5 a2
34. Ne5+ Nxh5 35. Nf7 Ke7 36. Nxh6 a1=Q 37. Rf7+ Ke8 38. Rf2 gxh6 0-1

[Event "12. Open de la Constitución"]
[Site "S. Sebastian de los Reyes ESP"]
[Date "2010.12.05"]
[Round "6.13"]
[White "Alonso Garuti, Luis E"]
[Black "Orellana Illescas, Julio"]
[Result "1/2-1/2"]
[WhiteElo "1936"]
[BlackElo "1787"]
[PlyCount "28"]
[EventDate "2010.11.30"]
[EventType "swiss"]
[EventRounds "9"]
[EventCountry "ESP"]
[Source "lmi"]
[SourceDate "2010.11.30"]

1. e4 e6 2. d4 d5 3. Nc3 Bb4 4. e5 c5 5. Bd2 Ne7 6. Nb5 Bxd2+ 7. Qxd2 O-O 8.
Nd6 cxd4 9. f4 Nbc6 10. Nf3 Qb6 11. O-O-O Bd7 12. Nxd4 Nxd4 13. Qxd4 Qxd4 14.
Rxd4 Bc6 1/2-1/2

[Event "12. Open de la Constitución"]
[Site "S. Sebastian de los Reyes ESP"]
[Date "2010.12.05"]
[Round "6.14"]
[White "Cavalle Pulla, Daniel"]
[Black "Garcia Martinez, Jorge"]
[Result "1-0"]
[WhiteElo "1897"]
[BlackElo "1752"]
[PlyCount "107"]
[EventDate "2010.11.30"]
[EventType "swiss"]
[EventRounds "9"]
[EventCountry "ESP"]
[Source "lmi"]
[SourceDate "2010.11.30"]

1. e4 c5 2. Nf3 d6 3. c3 Nf6 4. h3 Nbd7 5. Bd3 b6 6. O-O Bb7 7. Re1 Qc7 8. Bc2
Rc8 9. d3 g6 10. Bf4 e5 11. Bg3 Bg7 12. Nbd2 O-O 13. Rc1 Nh5 14. Bh2 a5 15. Ba4
Ba6 16. c4 Nf4 17. Nb1 Nb8 18. Nc3 Nc6 19. Bxf4 exf4 20. Nd5 Qd8 21. Bxc6 Rxc6
22. b3 g5 23. d4 Bc8 24. e5 g4 25. hxg4 Bxg4 26. Qd3 dxe5 27. Nxe5 Bxe5 28.
dxe5 Qh4 29. Nf6+ Kh8 30. Qe4 Rxf6 31. exf6 Qxf6 32. Qe5 Qxe5 33. Rxe5 Rg8 34.
Kf1 Rd8 35. Rd5 Rb8 36. a4 Be6 37. Rd6 Kg7 38. Rcd1 Rb7 39. Ke2 Bf5 40. R1d2
Be4 41. f3 Bf5 42. Kf2 Be6 43. g3 fxg3+ 44. Kxg3 Kf6 45. Kf4 Ke7 46. Rc6 Rb8
47. Ke5 h5 48. Rc7+ Kf8 49. Kf6 h4 50. f4 Re8 51. f5 Bc8 52. Rxf7+ Kg8 53. Rg2+
Kh8 54. Rgg7 1-0

[Event "12. Open de la Constitución"]
[Site "S. Sebastian de los Reyes ESP"]
[Date "2010.12.05"]
[Round "6.15"]
[White "Castejon Caballero, Andres"]
[Black "Aragon Gutierrez, Alejandro"]
[Result "1-0"]
[WhiteElo "2088"]
[BlackElo "1745"]
[PlyCount "53"]
[EventDate "2010.11.30"]
[EventType "swiss"]
[EventRounds "9"]
[EventCountry "ESP"]
[Source "lmi"]
[SourceDate "2010.11.30"]

1. e4 e6 2. d3 d5 3. Nd2 c5 4. Ngf3 Nc6 5. g3 g6 6. Bg2 Bg7 7. O-O Nge7 8. Re1
b6 9. c3 O-O 10. h4 h6 11. e5 Qc7 12. d4 cxd4 13. cxd4 Nf5 14. Nf1 Nb4 15. g4
Ne7 16. Ne3 Ba6 17. Qa4 Nd3 18. Qxa6 Nxe1 19. Nxe1 Rfc8 20. Bd2 Nc6 21. Qd3 a6
22. f4 b5 23. f5 gxf5 24. gxf5 Qb6 25. f6 Bf8 26. Nf3 Na5 27. Ng4 1-0

[Event "12. Open de la Constitución"]
[Site "S. Sebastian de los Reyes ESP"]
[Date "2010.12.05"]
[Round "6.18"]
[White "Nieto Esteban, Manuel"]
[Black "Perez Alvarez, Javier"]
[Result "0-1"]
[WhiteElo "1790"]
[BlackElo "1776"]
[PlyCount "68"]
[EventDate "2010.11.30"]
[EventType "swiss"]
[EventRounds "9"]
[EventCountry "ESP"]
[Source "lmi"]
[SourceDate "2010.11.30"]

1. c4 e5 2. Nc3 Nc6 3. Nf3 g6 4. d4 exd4 5. Nxd4 Bg7 6. Nxc6 bxc6 7. Qc2 Rb8 8.
e3 d6 9. Be2 Ne7 10. O-O O-O 11. Bf3 Be6 12. b3 c5 13. Bb2 Qe8 14. Nb5 Bxb2 15.
Qxb2 Qd7 16. e4 a6 17. Nc3 Bxc4 18. Rfd1 Be6 19. Qe2 Nc6 20. Qxa6 Nd4 21. Qd3
Nxf3+ 22. Qxf3 Bg4 23. Nd5 Bxf3 24. Nf6+ Kg7 25. Nxd7 Bxd1 26. Nxf8 Bg4 27. f3
Bc8 28. Nxg6 hxg6 29. Rc1 Be6 30. Rc2 Kf6 31. Kf2 Rb4 32. Ke3 c4 33. Kd2 cxb3
34. axb3 c5 0-1

[Event "12. Open de la Constitución"]
[Site "S. Sebastian de los Reyes ESP"]
[Date "2010.12.05"]
[Round "6.19"]
[White "Martinez Miura, Enrique"]
[Black "Navarro Rodriguez, Jesus"]
[Result "1/2-1/2"]
[WhiteElo "1733"]
[BlackElo "1735"]
[PlyCount "38"]
[EventDate "2010.11.30"]
[EventType "swiss"]
[EventRounds "9"]
[EventCountry "ESP"]
[Source "lmi"]
[SourceDate "2010.11.30"]

1. e4 c5 2. c4 e5 3. Nc3 Nc6 4. g3 g6 5. Bg2 Nf6 6. Nge2 d6 7. O-O Bg7 8. d3
O-O 9. Nd5 Nxd5 10. exd5 Nd4 11. Nxd4 exd4 12. Bf4 g5 13. Bd2 Bf5 14. Qc2 h6
15. Rfe1 Qd7 16. Be4 Rfe8 17. Bxf5 Qxf5 18. Rxe8+ Rxe8 19. Re1 Rxe1+ 1/2-1/2

[Event "12. Open de la Constitución"]
[Site "S. Sebastian de los Reyes ESP"]
[Date "2010.12.05"]
[Round "6.20"]
[White "Ojosnegros Martin, Angel"]
[Black "Ureña Castellanos, Antonio"]
[Result "1-0"]
[WhiteElo "1376"]
[BlackElo "1614"]
[PlyCount "67"]
[EventDate "2010.11.30"]
[EventType "swiss"]
[EventRounds "9"]
[EventCountry "ESP"]
[Source "lmi"]
[SourceDate "2010.11.30"]

1. e4 c5 2. Nf3 d6 3. d4 cxd4 4. Nxd4 Nf6 5. Nc3 a6 6. Bc4 e6 7. Bb3 Nbd7 8.
O-O Be7 9. Be3 O-O 10. f4 Nc5 11. Qf3 Rb8 12. Rad1 Qc7 13. e5 dxe5 14. fxe5 Ne8
15. g4 b5 16. Qc6 Qa7 17. Qf3 Bb7 18. Nc6 Bxc6 19. Qxc6 Nc7 20. Rd7 Nxd7 21.
Bxa7 Rbc8 22. Qxd7 Bg5 23. Bc5 Rfd8 24. Qxf7+ Kh8 25. Bxe6 Nxe6 26. Qxe6 Rxc5
27. Kg2 b4 28. Ne4 Rxc2+ 29. Rf2 Rxf2+ 30. Nxf2 h6 31. Ne4 Bc1 32. b3 Rd4 33.
Qc8+ Kh7 34. Qxc1 1-0

[Event "12. Open de la Constitución"]
[Site "S. Sebastian de los Reyes ESP"]
[Date "2010.12.05"]
[Round "6.26"]
[White "Palenciano Escolar, Adrian"]
[Black "Alfaya Marcelo, Roberto"]
[Result "1-0"]
[WhiteElo "1568"]
[BlackElo "1608"]
[PlyCount "155"]
[EventDate "2010.11.30"]
[EventType "swiss"]
[EventRounds "9"]
[EventCountry "ESP"]
[Source "lmi"]
[SourceDate "2010.11.30"]

1. e4 e5 2. Nf3 Nc6 3. Bb5 a6 4. Ba4 Nf6 5. d3 d6 6. c3 b5 7. Bc2 Bg4 8. Nbd2
Be7 9. h3 Bh5 10. Nf1 O-O 11. Ng3 Bg6 12. d4 Re8 13. O-O Nd7 14. Re1 Nb6 15. b3
Bf6 16. Bb2 Qd7 17. Rc1 Rad8 18. d5 Na5 19. Bd3 Nb7 20. c4 bxc4 21. Bxc4 Nxc4
22. Rxc4 Rb8 23. Qe2 Ra8 24. Rec1 Rec8 25. Rc6 a5 26. Qc4 Bd8 27. a4 Rcb8 28.
Ba3 f6 29. Qc2 Be8 30. Nf5 g6 31. N5h4 Nc5 32. Bxc5 Qg7 33. Ba7 Rxa7 34. Rc4
Rab7 35. Rc3 Bd7 36. g4 g5 37. Ng2 Qh6 38. Nd2 Qg6 39. Ne3 h5 40. f3 h4 41.
Ndc4 Ra8 42. Qd2 Kh7 43. Kg2 Kg8 44. Rd3 Kh7 45. Nxa5 Rba7 46. Nc6 Bxc6 47.
Rxc6 Qf7 48. Rdc3 Qd7 49. Nf5 Ra6 50. Rxa6 Rxa6 51. Qd3 Ra8 52. Qc4 Kg6 53. Qc6
Qxc6 54. Rxc6 Rb8 55. Rc3 Ra8 56. Ne3 Kf7 57. Nc2 Ke7 58. Na3 Kd7 59. Nb5 Ra5
60. Rc6 Ra8 61. Kf2 Ra5 62. Ke3 Ra8 63. Kd3 Rb8 64. Kc3 Rb6 65. Rxb6 cxb6 66.
Na7 Be7 67. Nc6 Bf8 68. Kc4 Kc7 69. Kb5 Kb7 70. b4 Bg7 71. Nd8+ Ka7 72. Kc6 Bf8
73. Ne6 Bh6 74. Kxd6 b5 75. a5 Kb7 76. Ke7 Kc8 77. Kxf6 Kd7 78. Kg6 1-0

[Event "12. Open de la Constitución"]
[Site "S. Sebastian de los Reyes ESP"]
[Date "2010.12.06"]
[Round "7.1"]
[White "Semprun Martinez, Fernando"]
[Black "Roa Alonso, Santiago"]
[Result "1/2-1/2"]
[WhiteElo "2216"]
[BlackElo "2440"]
[PlyCount "48"]
[EventDate "2010.11.30"]
[EventType "swiss"]
[EventRounds "9"]
[EventCountry "ESP"]
[Source "lmi"]
[SourceDate "2010.11.30"]

1. e4 c5 2. Nf3 e6 3. d4 cxd4 4. Nxd4 a6 5. Bd3 Bc5 6. Nb3 Be7 7. O-O Nc6 8. c4
d6 9. Nc3 Nf6 10. Kh1 O-O 11. f4 b6 12. Be3 Bb7 13. Qf3 Rc8 14. a3 Nd7 15. Qh3
g6 16. Rad1 Bf6 17. g4 Nc5 18. Nxc5 bxc5 19. Ne2 Ba8 20. b3 Bg7 21. g5 f5 22.
gxf6 Qxf6 23. Kg1 Qe7 24. Bc2 Rcd8 1/2-1/2

[Event "12. Open de la Constitución"]
[Site "S. Sebastian de los Reyes ESP"]
[Date "2010.12.06"]
[Round "7.2"]
[White "Hernando Pertierra, Jose Carlos"]
[Black "Alvarez Abejon, Amilcar"]
[Result "1/2-1/2"]
[WhiteElo "2394"]
[BlackElo "2091"]
[PlyCount "106"]
[EventDate "2010.11.30"]
[EventType "swiss"]
[EventRounds "9"]
[EventCountry "ESP"]
[Source "lmi"]
[SourceDate "2010.11.30"]

1. c4 c5 2. g3 g6 3. Bg2 Bg7 4. Nc3 Nc6 5. e3 Nf6 6. Nge2 O-O 7. O-O d6 8. d3
Bd7 9. b3 Rb8 10. Bb2 a6 11. Nd5 Nxd5 12. Bxg7 Nxe3 13. fxe3 Kxg7 14. Nf4 e5
15. Nd5 f5 16. Qd2 Ne7 17. b4 Nxd5 18. cxd5 b6 19. a4 a5 20. b5 Qg5 21. Rac1 h5
22. Rc4 Rbe8 23. Qf2 Bc8 24. h4 Qe7 25. Kh2 Rf7 26. Bh3 Ref8 27. Qb2 Kh7 28.
Qe2 f4 29. exf4 exf4 30. Qxe7 Rxe7 31. Rcxf4 Rxf4 32. Rxf4 Bxh3 33. Kxh3 Kg7
34. Kg2 Re5 35. d4 Rxd5 36. dxc5 dxc5 37. Re4 Kf6 38. Re8 Re5 39. Rf8+ Ke7 40.
Rg8 Re6 41. Kf3 Kd6 42. Kf4 Kd5 43. Rd8+ Rd6 44. Rc8 c4 45. g4 hxg4 46. Kxg4
Re6 47. Kg5 Kd4 48. Rc6 Re5+ 49. Kxg6 Rc5 50. h5 c3 51. h6 c2 52. h7 c1=Q 53.
h8=Q+ Kc4 1/2-1/2

[Event "12. Open de la Constitución"]
[Site "S. Sebastian de los Reyes ESP"]
[Date "2010.12.06"]
[Round "7.3"]
[White "Esquivias Gomez, Fco. Javier"]
[Black "Longa Yauca, Javier"]
[Result "1/2-1/2"]
[WhiteElo "2015"]
[BlackElo "2345"]
[PlyCount "103"]
[EventDate "2010.11.30"]
[EventType "swiss"]
[EventRounds "9"]
[EventCountry "ESP"]
[Source "lmi"]
[SourceDate "2010.11.30"]

1. d4 Nf6 2. c4 e6 3. Nc3 d5 4. cxd5 exd5 5. Bg5 c6 6. Qc2 Be7 7. e3 a5 8. Bd3
Na6 9. a3 Nh5 10. Bxe7 Qxe7 11. Bxa6 Rxa6 12. Nxd5 Qg5 13. Nc7+ Kd8 14. Nxa6
Qxg2 15. Nc5 Qxh1 16. O-O-O Kc7 17. d5 Rd8 18. Ne2 Qxh2 19. Nc3 Nf6 20. Qa4 Kb8
21. Qxa5 Qc7 22. Qb4 b6 23. d6 Qa7 24. N5a4 Nd7 25. Ne4 Bb7 26. Nac3 Qa5 27.
Qxa5 bxa5 28. Ng5 h6 29. Nge4 Re8 30. Nd2 Re5 31. Nb3 h5 32. f4 Rxe3 33. Nxa5
h4 34. Nxb7 Kxb7 35. Rh1 h3 36. Kd2 Rf3 37. Ke2 Rg3 38. Ne4 Rb3 39. Nd2 Rg3 40.
Ne4 Rg2+ 41. Nf2 Rg6 42. Rxh3 Rxd6 43. Ne4 Re6 44. Kf3 Kc7 45. Ng5 Re7 46. Rh7
f6 47. Rxg7 Rxg7 48. Ne6+ Kd6 49. Nxg7 Kd5 50. Ke3 Kc4 51. Nf5 c5 52. Kd2
1/2-1/2

[Event "12. Open de la Constitución"]
[Site "S. Sebastian de los Reyes ESP"]
[Date "2010.12.06"]
[Round "7.4"]
[White "Castejon Caballero, Natalia"]
[Black "Barez Menendez, Hector"]
[Result "0-1"]
[WhiteElo "2079"]
[BlackElo "2168"]
[PlyCount "134"]
[EventDate "2010.11.30"]
[EventType "swiss"]
[EventRounds "9"]
[EventCountry "ESP"]
[Source "lmi"]
[SourceDate "2010.11.30"]

1. e4 e5 2. Bc4 Nf6 3. d3 c6 4. Nf3 Be7 5. O-O d6 6. c3 O-O 7. Bb3 Bg4 8. h3
Bh5 9. Nbd2 Nbd7 10. Re1 Nc5 11. Bc2 Ne6 12. Nf1 Nd7 13. Ng3 Bxf3 14. Qxf3 g6
15. Bh6 Re8 16. Rad1 Bg5 17. Bxg5 Qxg5 18. d4 Nb6 19. Bb3 Rad8 20. dxe5 dxe5
21. Rxd8 Qxd8 22. Rd1 Qc7 23. Qg4 Nc5 24. Nh5 Qe7 25. Bc2 Rd8 26. Rxd8+ Qxd8
27. b4 Nca4 28. c4 c5 29. a3 Kh8 30. Ng3 Nb2 31. bxc5 N6xc4 32. Qf3 Kg7 33. Bb3
f6 34. Qc3 Qa5 35. Qb4 Qxb4 36. axb4 Kf8 37. Ne2 a5 38. bxa5 Nxa5 39. Bc2 Nc6
40. Nc3 Nb4 41. Bb1 N2d3 42. Na4 Ke7 43. Kf1 Kd7 44. Ke2 Nf4+ 45. Kf3 Kc6 46.
h4 Ne6 47. Ke3 Nxc5 48. Nxc5 Kxc5 49. f4 exf4+ 50. Kxf4 Kd4 51. g4 Nc6 52. Ba2
b5 53. g5 fxg5+ 54. Kxg5 Ne5 55. Bb1 Nf3+ 56. Kf6 b4 57. h5 gxh5 58. e5 Nxe5
59. Kg5 Kc3 60. Kxh5 b3 61. Kh6 Nc4 62. Bxh7 b2 63. Bb1 Na3 64. Ba2 Kd2 65. Kg5
Nb5 66. Bb1 Kc1 67. Bd3 Na3 0-1

[Event "12. Open de la Constitución"]
[Site "S. Sebastian de los Reyes ESP"]
[Date "2010.12.06"]
[Round "7.5"]
[White "Muñoz Sanchez, Daniel"]
[Black "Ortega Ruiz, Jose Miguel"]
[Result "0-1"]
[WhiteElo "1976"]
[BlackElo "2260"]
[PlyCount "72"]
[EventDate "2010.11.30"]
[EventType "swiss"]
[EventRounds "9"]
[EventCountry "ESP"]
[Source "lmi"]
[SourceDate "2010.11.30"]

1. e4 c5 2. Nc3 Nc6 3. f4 g6 4. Nf3 Bg7 5. Bb5 Nd4 6. O-O Nxb5 7. Nxb5 a6 8.
Nc3 b5 9. d3 Bb7 10. Qe1 d5 11. f5 dxe4 12. dxe4 b4 13. fxg6 hxg6 14. Nd1 Nf6
15. Nf2 Nh5 16. a3 a5 17. Qe3 Qc7 18. Nh3 Nf6 19. Nf2 Rd8 20. g3 Nh5 21. Kg2
Qc6 22. Re1 O-O 23. g4 Nf6 24. Rb1 Nd7 25. Ng5 f6 26. Nf3 f5 27. gxf5 gxf5 28.
Ng5 Rf6 29. b3 Rg6 30. h4 Bd4 31. Qf4 Rf8 32. Be3 e5 33. Qf3 Nf6 34. Bxd4 cxd4
35. Qd3 fxe4 36. Nfxe4 Nxe4 0-1

[Event "12. Open de la Constitución"]
[Site "S. Sebastian de los Reyes ESP"]
[Date "2010.12.06"]
[Round "7.6"]
[White "Quevedo Marin, Manuel"]
[Black "Quintero Torres, Pedro"]
[Result "1-0"]
[WhiteElo "2183"]
[BlackElo "1971"]
[PlyCount "91"]
[EventDate "2010.11.30"]
[EventType "swiss"]
[EventRounds "9"]
[EventCountry "ESP"]
[Source "lmi"]
[SourceDate "2010.11.30"]

1. d4 Nf6 2. c4 g6 3. Nc3 d5 4. Bf4 Bg7 5. e3 c5 6. dxc5 Qa5 7. Rc1 Ne4 8. Nge2
dxc4 9. Qa4+ Qxa4 10. Nxa4 Nc6 11. Rxc4 f5 12. Rc1 Be6 13. Nec3 Nxc3 14. Nxc3
Bxc3+ 15. Rxc3 Bxa2 16. b3 a5 17. Bb5 a4 18. Bxa4 O-O 19. Ke2 e5 20. Bg5 Kg7
21. Ra1 h6 22. Bh4 g5 23. Rxa2 gxh4 24. Rd2 Rf7 25. h3 e4 26. Rd6 Ne5 27. Rc1
Nd3 28. Rc4 Rc7 29. c6 b5 30. Bxb5 Ra2+ 31. Kf1 Ra1+ 32. Ke2 Ra2+ 33. Kd1 Nb2+
34. Kc1 Nxc4 35. Bxc4 Ra5 36. Kb2 Kf8 37. b4 Ra8 38. b5 Rb8 39. Kc3 Ke7 40.
Rxh6 Rcc8 41. Kd4 Rd8+ 42. Kc5 Rd2 43. Re6+ Kd8 44. b6 Ra8 45. Rd6+ Rxd6 46.
Kxd6 1-0

[Event "12. Open de la Constitución"]
[Site "S. Sebastian de los Reyes ESP"]
[Date "2010.12.06"]
[Round "7.7"]
[White "Anton Veiga, Juan Carlos"]
[Black "Cavalle Pulla, Daniel"]
[Result "1/2-1/2"]
[WhiteElo "2098"]
[BlackElo "1897"]
[PlyCount "30"]
[EventDate "2010.11.30"]
[EventType "swiss"]
[EventRounds "9"]
[EventCountry "ESP"]
[Source "lmi"]
[SourceDate "2010.11.30"]

1. e4 e6 2. d4 d5 3. Nc3 Bb4 4. e5 c5 5. a3 Bxc3+ 6. bxc3 Qa5 7. Bd2 Qa4 8. Qg4
g6 9. Bd3 c4 10. Be2 Qxc2 11. Nf3 Nc6 12. O-O h5 13. Qh4 Na5 14. Rfc1 Qe4 15.
Bd1 Qxh4 1/2-1/2

[Event "12. Open de la Constitución"]
[Site "S. Sebastian de los Reyes ESP"]
[Date "2010.12.06"]
[Round "7.8"]
[White "Aziz Ortego, Omar Luis"]
[Black "Rodrigo Yanguas, Maria"]
[Result "0-1"]
[WhiteElo "2056"]
[BlackElo "2070"]
[PlyCount "114"]
[EventDate "2010.11.30"]
[EventType "swiss"]
[EventRounds "9"]
[EventCountry "ESP"]
[Source "lmi"]
[SourceDate "2010.11.30"]

1. e4 e6 2. d4 d5 3. Nc3 Nf6 4. e5 Nfd7 5. f4 c5 6. Nf3 Nc6 7. Be3 a6 8. Qd2 b5
9. O-O-O Bb7 10. f5 cxd4 11. fxe6 fxe6 12. Nxd4 Nxd4 13. Bxd4 Qc7 14. Qg5 g6
15. Bd3 Be7 16. Qg3 O-O-O 17. Rhe1 Kb8 18. Qh3 Rde8 19. Kb1 Bb4 20. Re3 Nb6 21.
Bxb5 axb5 22. Nxb5 Qc6 23. Rb3 Qxb5 24. a3 Qe2 25. Rdd3 Nc4 26. Rxb4 Nd2+ 27.
Ka2 Qe1 28. Rxd2 Qxd2 29. Qb3 Re7 30. Bc5 Rf7 31. Rd4 Qxg2 32. Bd6+ Kc8 33.
Qc3+ Kd8 34. Qa5+ Ke8 35. Qa4+ Rd7 36. b4 Qf2 37. b5 g5 38. Kb2 Kf7 39. b6 Rdd8
40. Bc7 Bc6 41. Qb4 Ra8 42. h4 Ra4 43. Qxa4 Bxa4 44. Rxa4 Qc5 45. hxg5 d4 46.
Rb4 Rc8 47. Kb1 Rxc7 48. bxc7 Qxc7 49. Rxd4 Qxe5 50. Rb4 Qc7 51. Rb3 Qc5 52.
Kb2 Qxg5 53. Rb4 h5 54. a4 h4 55. Rb5 Qf4 56. Kb3 h3 57. a5 h2 0-1

[Event "12. Open de la Constitución"]
[Site "S. Sebastian de los Reyes ESP"]
[Date "2010.12.06"]
[Round "7.9"]
[White "Molina Garcia, Francisco J"]
[Black "Cardenas Serrano, Sergio"]
[Result "0-1"]
[WhiteElo "1851"]
[BlackElo "2124"]
[PlyCount "70"]
[EventDate "2010.11.30"]
[EventType "swiss"]
[EventRounds "9"]
[EventCountry "ESP"]
[Source "lmi"]
[SourceDate "2010.11.30"]

1. d4 Nf6 2. Nf3 d5 3. Bf4 c5 4. e3 Nc6 5. c3 Qb6 6. Qb3 c4 7. Qxb6 axb6 8.
Nbd2 b5 9. Be2 b4 10. O-O bxc3 11. bxc3 Ra3 12. Rfc1 h6 13. Ne5 g5 14. Bg3 Bg7
15. e4 Nxe4 16. Nxe4 Nxe5 17. Bxe5 Bxe5 18. dxe5 dxe4 19. Bxc4 Ra5 20. e6 f5
21. Rab1 O-O 22. Rb6 Rd8 23. Bb3 Kg7 24. c4 Kf6 25. c5 Ra6 26. Kf1 Rxb6 27.
cxb6 Bxe6 28. Rc7 Rd7 29. Ke2 Rxc7 30. bxc7 Bc8 31. Ke3 Ke5 32. Kd2 Kd6 33. Ke3
Kxc7 34. Kd4 Kd6 35. Ke3 Be6 0-1